European Dictators - Statistics

General Stats
  • This quiz has been taken 109 times
    107 since last reset
  • The average score is 19 of 28
Answer Stats
Dictator Country % Correct
Napoleon Bonparte French Empire
97%
Benito Mussolini Italy
97%
Adolf Hitler Nazi Germany
97%
Francisco Franco Spain
97%
King Leopold II Belgium
94%
Vladimir Putin Russia
90%
Maximillien Robespierre France
87%
Caligula Roman Empire
87%
Nicolae Ceauşescu Romania
87%
António de Oliveira Salazar Portugal
86%
Oliver Cromwell England
84%
Josip Broz Tito Yugoslavia
83%
Leonid Brezhnev Soviet Union
81%
Erich Honecker East Germany
76%
Slobodan Milošević Serbia
74%
Alexander Lukashenko Belarus
73%
Wojciech Jaruzelski Poland
71%
Ioannis Metaxas Greece
67%
Enver Hoxha Albania
60%
Vidkun Quisling Norway
60%
Ante Pavelic Croatia
50%
Philippe Pétain Vichy France
49%
Mátyás Rákosi Hungary
46%
Todor Zhivkov Bulgaria
41%
Jozef Tiso Slovakia
34%
Engelbert Dollfuss Austria
31%
Antonín Novotný Czechoslovakia
29%
Antanas Smetona Lithuania
19%
No matching quizzes found
Score Distribution
Percent of People with Each Score
Percentile by Number Answered
Your Score History
You have not taken this quiz since the last reset